Statistics for Countries by Oldest City

Click here to take the quiz!

General Stats

  • This quiz has been taken 412 times
    (239 since last reset)
  • The average score is 19 of 38

Answer Stats

YearCityCountry% Correct
814 BCCarthageTunisia
80%
43BathUnited Kingdom
79%
1100 BCCádizSpain
78%
871TønsbergNorway
77%
789FesMorocco
76%
5000 BCArgosGreece
73%
2070 BCLuoyangChina
72%
770ÅrhusDenmark
70%
350 BCPeshawarPakistan
70%
3650 BCGaziantepTurkey
62%
3500 BCPlovdivBulgaria
61%
1150 BCVaranasiIndia
58%
700 BCSamarqandUzbekistan
55%
2300 BCArbilIraq
54%
5000 BCByblos (Jubayl)Lebanon
54%
600PalembangIndonesia
53%
550 BCConstanţa, MagaliaRomania
52%
1565St. AugustineUnited States
52%
1400 BCLarnacaCyprus
48%
627 BCDurrësAlbania
47%
30 BCTrierGermany
47%
279 BCNišSerbia
46%
19 BCNijmegenNetherlands
45%
4000 BCFaiyumEgypt
43%
350 BCMahasthangarhBangladesh
38%
753Staraya LadogaRussia
38%
988SkaraSweden
34%
1553Santiago del EsteroArgentina
33%
650 BCKerch, FeodosiyaUkraine
32%
150 BCCholulaMexico
30%
400 BCIgodomigodoNigeria
28%
10 BCTongerenBelgium
27%
1818KerikeriNew Zealand
27%
5000 BCGhōrAfghanistan
25%
200 BCDjenné-JenoMali
24%
2000 BCKutaisiGeorgia
23%
3000 BCReyIran
23%
1511BaracoaCuba
19%

Score Distribution

Percentile by Number Answered

Percent of People with Each Score

Your Score History

You have not taken this quiz since the last reset